000 01507cam a22004217a 4500
001 16888368
003 OSt
005 20150408114027.0
008 110725s2011 enka b 001 0 eng
010 _a 2011377900
015 _aGBB091109
_2bnb
016 7 _a101557632
_2DNLM
020 _a9781849730914 (hbk.)
020 _a1849730911 (hbk.)
035 _a(OCoLC)ocn691065722
040 _aNLM
_cNLM
_dEQO
_dYDXCP
_dLTSCA
_dIXA
_dDLC
042 _anlmcopyc
_alccopycat
050 0 0 _aRA1231.M52
_bM47 2011
060 0 0 _aW1
_bME9611AW v.8 2011
060 1 0 _aQV 275
082 0 4 _a615.9253
_222
245 0 0 _aMetal ions in toxicology :
_beffects, interactions, interdependencies /
_cedited by Astrid Sigel, Helmut Sigel, and Roland K.O. Sigel.
260 _aCambridge :
_bRSC Pub.,
_cc2011.
300 _axxxi, 422 p. :
_bill. (some col.) ;
_c24 cm.
490 1 _aMetal ions in life sciences,
_x1559-0836 ;
_vv. 8
504 _aIncludes bibliographical references and index.
650 0 _aMetals
_xToxicology.
_911874
650 0 _aMetal ions
_xPhysiological effect.
_911875
650 1 2 _aIons
_xtoxicity.
_911876
650 1 2 _aMetals
_xtoxicity.
_911877
700 1 _aSigel, Astrid.
_911878
700 1 _aSigel, Helmut.
_911879
700 1 _aSigel, Roland K. O.
_911880
710 2 _aRoyal Society of Chemistry (Great Britain)
_910425
830 0 _aMetal ions in life sciences ;
_vv. 8.
_911881
942 _2ddc
_cBOOK
999 _c22514
_d257014